Jeu du plus grand pays frontalier - Statistiques

Statistiques générales
  • Ce quiz a été pris 97 381 fois
  • Le résultat moyen est 40 sur 152
Réponses sur la Carte
Les réponses sont colorées sur une échelle allant du rouge au vert en fonction du pourcentage des utilisateurs qui les ont devinées à leur premier essai. Vous pouvez retrouver ces pourcentages ci-dessous.
 
Statistiques - réponses
Pays % Correct
Russie
100%
Chine
95%
Inde
87%
Pakistan
72%
Iran
67%
Turquie
66%
Arabie Saoudite
61%
Irak
61%
Yémen
60%
Oman
59%
Émirats arabes unis
58%
Jordanie
42%
Syrie
42%
Égypte
41%
Israël
41%
Soudan
41%
Algérie
40%
Libye
40%
Niger
39%
Tchad
38%
Nigeria
37%
Afrique du Sud
36%
Angola
36%
Cameroun
36%
Namibie
36%
Rép. Centrafricaine
36%
Rép. dém. du Congo
36%
Mozambique
35%
Tanzanie
35%
Botswana
34%
Zambie
34%
Zimbabwe
33%
Éthiopie
32%
Kenya
32%
Malawi
32%
Somalie
32%
Djibouti
31%
Érythrée
31%
Soudan du Sud
31%
Burundi
30%
Ouganda
30%
Rwanda
30%
Eswatini
29%
Lesotho
29%
Bénin
28%
Burkina Faso
28%
Gabon
28%
Guinée équatoriale
28%
Mali
28%
Maroc
28%
Mauritanie
28%
Rép. du Congo
28%
Argentine
26%
Brésil
26%
Espagne
26%
France
26%
Bolivie
25%
Canada
25%
Colombie
25%
Costa Rica
25%
Équateur
25%
Etats-Unis
25%
Guatemala
25%
Guyana
25%
Honduras
25%
Mexique
25%
Nicaragua
25%
Panama
25%
Pérou
25%
Suriname
25%
Venezuela
25%
Albanie
24%
Allemagne
24%
Belize
24%
Bulgarie
24%
Chili
24%
Grèce
24%
Macédoine du Nord
24%
Paraguay
24%
Pologne
24%
Roumanie
24%
Salvador
24%
Serbie
24%
Ukraine
24%
Uruguay
24%
Autriche
23%
Hongrie
23%
Italie
23%
Suisse
23%
Liechtenstein
22%
Bosnie-Herzégovine
21%
Croatie
21%
Kosovo
21%
Monténégro
21%
Slovénie
21%
Biélorussie
19%
Danemark
19%
Estonie
19%
Lettonie
19%
Lituanie
19%
Moldavie
19%
Pays-Bas
19%
République tchèque
19%
Saint-Marin
19%
Slovaquie
19%
Vatican
19%
Belgique
18%
Luxembourg
18%
Andorre
17%
Côte d'Ivoire
16%
Guinée
16%
Monaco
16%
Portugal
16%
Sénégal
16%
Gambie
15%
Ghana
15%
Guinée-Bissau
15%
Liberia
15%
Sierra Leone
15%
Togo
15%
Tunisie
15%
Koweït
14%
Liban
14%
Qatar
14%
Afghanistan
13%
Arménie
13%
Azerbaïdjan
13%
Géorgie
13%
Kazakhstan
13%
Kirghizistan
13%
Ouzbékistan
13%
Turkménistan
13%
Birmanie
12%
Indonésie
12%
Malaisie
12%
Tadjikistan
12%
Thaïlande
12%
Brunei
11%
Laos
11%
Papouasie-Nouvelle-Guinée
11%
Timor oriental
11%
Bangladesh
10%
Bhoutan
10%
Cambodge
10%
Corée du Nord
10%
Corée du Sud
10%
Finlande
10%
Mongolie
10%
Népal
10%
Norvège
10%
Suède
10%
Viêt Nam
10%
Aucun quiz correspondant
Distribution des résultats
% des personnes avec chaque résultat
Percentile par nombre de réponses
Votre historique - résultats
Vous n’avez pas pris ce quiz